000 00513nam a2200205Ia 4500
005 20140403110415.0
008 140130s9999 xx 000 0 und d
020 _a0590307452
050 _aPZ 7
_b.B645On 1997
100 _aBlaxland, Wendy.
_931150
245 _cWendy Blaxland.
_aOne frog, one fly /
260 _bScholastic,
_c1997.
_aUSA :
300 _a6 p. :
_bill. col. ;
_c18 cm.
440 _v1
_931151
521 _aBR
526 _cBR
942 _cBK
_2lcc
999 _c41538
_d41538